000 00924nam a22002177a 4500
999 _c63302
_d63302
005 20240530110633.0
008 170918s2014 ua a g 000 0 ara d
017 _a2014/11466
_bمصر . دار الكتب المصرية
020 _a9789773685560
040 _aEG-CaGPL
082 0 4 _221
_a363.7394\
_bن ت
110 0 _aالمعهد القومى لعلوم البحار و المصايد .
245 1 2 _aالتلوث البحرى و المخاطر الطبيعية و البشرية على البيئة الساحلية /
_cتاليف نخبة من علماء المعهد القومى لعلوم البحار و المصايد .
250 _aط.1
260 _aالاسكندرية :
_bمؤسسة حورس الدولية ،
_c2014 .
300 _a360 ص :
_bايض ؛
_c24 سم .
650 0 7 _aالتلوث البحرى .
650 0 7 _aمياه البحر
650 0 7 _aالمياه
_xتلوث
942 _2ddc
_cBK